| 000 | 00596nam a2200181Ia 4500 | ||
|---|---|---|---|
| 005 | 20260429112248.0 | ||
| 008 | 260429s9999||||xx |||||||||||||| ||und|| | ||
| 020 | _a9788178942997 | ||
| 041 | _aHindi | ||
| 082 |
_a722.44 _bTRI |
||
| 100 | _aत्रिपाठी, देवीप्रसाद | ||
| 245 | 0 |
_aवास्तुसार / _cदेवीप्रसाद त्रिपाठी |
|
| 250 | _a0 | ||
| 260 |
_aदिल्ली : _bईस्टर्न बुक लिंकर, _c2016. |
||
| 300 | _alxii, 428 p.; Hb | ||
| 650 | _aIndian Architecture | ||
| 942 | _cTB | ||
| 999 |
_c53191 _d53191 |
||